<?xml version="1.0" encoding="UTF-8"?>
<record
    xmlns:xsi="http://www.w3.org/2001/XMLSchema-instance"
    xsi:schemaLocation="http://www.loc.gov/MARC21/slim http://www.loc.gov/standards/marcxml/schema/MARC21slim.xsd"
    xmlns="http://www.loc.gov/MARC21/slim">

  <leader>03343nam a2200373 a 4500</leader>
  <controlfield tag="001">000109954</controlfield>
  <controlfield tag="003">CHAP</controlfield>
  <controlfield tag="005">20260216144039.0</controlfield>
  <controlfield tag="008">140613s2010    mx      sm   |||||||spa d</controlfield>
  <datafield tag="040" ind1=" " ind2=" ">
    <subfield code="c">CHAP</subfield>
  </datafield>
  <datafield tag="090" ind1=" " ind2=" ">
    <subfield code="a">Tesis</subfield>
  </datafield>
  <datafield tag="100" ind1="1" ind2=" ">
    <subfield code="a">Ar&#xE9;valo Quintero, Ricardo</subfield>
    <subfield code="9">127311</subfield>
  </datafield>
  <datafield tag="245" ind1="1" ind2="0">
    <subfield code="a">Magnitud de la pobreza y desigualdad en el estado de Veracruz y el resto del pa&#xED;s para el a&#xF1;o 2010 /</subfield>
    <subfield code="c">por Ricardo Ar&#xE9;valo Quintero.</subfield>
  </datafield>
  <datafield tag="264" ind1=" " ind2=" ">
    <subfield code="a">Chapingo, M&#xE9;x. :</subfield>
    <subfield code="b">El autor,</subfield>
    <subfield code="c">2010.</subfield>
  </datafield>
  <datafield tag="300" ind1=" " ind2=" ">
    <subfield code="a">1 recurso en l&#xED;nea (163 p&#xE1;ginas).</subfield>
  </datafield>
  <datafield tag="336" ind1=" " ind2=" ">
    <subfield code="2">rdacontent</subfield>
    <subfield code="a">texto</subfield>
    <subfield code="b">txt</subfield>
  </datafield>
  <datafield tag="337" ind1=" " ind2=" ">
    <subfield code="2">rdamedia</subfield>
    <subfield code="a">computadora</subfield>
    <subfield code="b">c</subfield>
  </datafield>
  <datafield tag="338" ind1=" " ind2=" ">
    <subfield code="2">rdacarrier</subfield>
    <subfield code="a">recursos en l&#xED;nea</subfield>
    <subfield code="b">cr</subfield>
  </datafield>
  <datafield tag="502" ind1=" " ind2=" ">
    <subfield code="b">LEA</subfield>
    <subfield code="c">DICEA</subfield>
    <subfield code="d">2010.</subfield>
    <subfield code="g">LIC</subfield>
  </datafield>
  <datafield tag="520" ind1=" " ind2=" ">
    <subfield code="a">Los objetivos fundamentales de este estudio est&#xE1;n enfocados en calcular el &#xCD;ndice FGT (incidencia, brecha y severidad) en el estado de Veracruz y el resto del pa&#xED;s, para L&#xED;nea de Bienestar M&#xED;nimo y L&#xED;nea de Bienestar, en sector Rural y Urbano. Tambi&#xE9;n, generar una Descomposici&#xF3;n de la poblaci&#xF3;n por medio de grupos sociodemogr&#xE1;ficos, calculando para cada uno de ellos la incidencia (&#xED;ndice FGT con alfa=0) para las dos l&#xED;neas de bienestar. El c&#xE1;lculo del coeficiente de Gini para describir el grado de desigualdad que existe en el estado y el resto del pa&#xED;s para sector Rural y Urbano. Por &#xFA;ltimo, la elaboraci&#xF3;n de curvas de Lorenz para dar una perspectiva gr&#xE1;fica de la desigualdad en el estado y el Complemento en el sector Rural y Urbano. La metodolog&#xED;a consisti&#xF3; en tres etapas: 1&#xB0; C&#xE1;lculo del &#xCD;ndice FGT (Incidencia, Brecha y Severidad) a nivel Estado y Complemento en el sector Rural y Urbano y su comparaci&#xF3;n; 2&#xB0; Desagregaci&#xF3;n de las Variables por grupos sociodemogr&#xE1;ficos a nivel Estado y Complemento en el sector Rural y Urbano, calculando la Incidencia para cada grupo y su comparaci&#xF3;n; 3&#xB0; Desigualdad: C&#xE1;lculo de &#xCD;ndice de Gini y Curvas de Lorenz a Nivel Estado y Complemento en los dos sectores y su comparaci&#xF3;n. En las tres etapas los c&#xE1;lculos se realizaron en el Software DAD 4.6, aunque en la etapa 2 se realizaron pruebas l&#xF3;gicas en Excel. Lo anterior est&#xE1; sujeto a pruebas de Hip&#xF3;tesis para garantizar una confiabilidad de 90, 95 y 99%. Los resultados obtenidos en la Primera etapa denotan valores mayores en Veracruz para el FGT en sus tres valores de alfa (0=Incidencia, 1=Brecha y 2=Severidad) comparado con el Complemento Nacional, tanto en sector Rural como en sector Urbano bajo las dos l&#xED;neas de Bienestar. En la Segunda etapa, la descomposici&#xF3;n por grupos sociodemogr&#xE1;ficos mostr&#xF3; en Veracruz cifras de Incidencia m&#xE1;s altas que el Complemento Nacional, en todas las Variables y los Grupos Generados. En la Tercera etapa, tanto el &#xED;ndice de Gini como las curvas de Lorenz, no resultaron significativas.</subfield>
  </datafield>
  <datafield tag="590" ind1=" " ind2=" ">
    <subfield code="a">BATCH-UPD</subfield>
    <subfield code="b">05</subfield>
    <subfield code="c">20141002</subfield>
  </datafield>
  <datafield tag="590" ind1=" " ind2=" ">
    <subfield code="a">BATCH</subfield>
    <subfield code="b">00</subfield>
    <subfield code="c">20181121</subfield>
  </datafield>
  <datafield tag="590" ind1=" " ind2=" ">
    <subfield code="a">E6096MTM</subfield>
    <subfield code="b">05</subfield>
    <subfield code="c">20140613</subfield>
  </datafield>
  <datafield tag="590" ind1=" " ind2=" ">
    <subfield code="a">E6096MTM</subfield>
    <subfield code="b">05</subfield>
    <subfield code="c">20140613</subfield>
  </datafield>
  <datafield tag="650" ind1="1" ind2="4">
    <subfield code="a">Costos y nivel de vida</subfield>
    <subfield code="x">Veracruz.</subfield>
    <subfield code="9">28547</subfield>
  </datafield>
  <datafield tag="650" ind1="1" ind2="4">
    <subfield code="a">Costos y nivel de vida</subfield>
    <subfield code="z">M&#xE9;xico.</subfield>
    <subfield code="9">28549</subfield>
  </datafield>
  <datafield tag="650" ind1="1" ind2="4">
    <subfield code="a">M&#xE9;xico</subfield>
    <subfield code="x">Condiciones econ&#xF3;micas</subfield>
    <subfield code="x">Estad&#xED;sticas.</subfield>
    <subfield code="9">76726</subfield>
  </datafield>
  <datafield tag="650" ind1="1" ind2="4">
    <subfield code="a">Pobreza</subfield>
    <subfield code="z">M&#xE9;xico</subfield>
    <subfield code="v">Estad&#xED;sticas.</subfield>
    <subfield code="9">124665</subfield>
  </datafield>
  <datafield tag="856" ind1=" " ind2=" ">
    <subfield code="u">http://10.13.5.2/tesis/sist109954.pdf</subfield>
    <subfield code="z">Teclea aqu&#xED;</subfield>
  </datafield>
  <datafield tag="942" ind1=" " ind2=" ">
    <subfield code="c">TESIS</subfield>
    <subfield code="2">ddc</subfield>
  </datafield>
  <datafield tag="942" ind1=" " ind2=" ">
    <subfield code="n">0</subfield>
    <subfield code="2">ddc</subfield>
  </datafield>
  <datafield tag="999" ind1=" " ind2=" ">
    <subfield code="c">106416</subfield>
    <subfield code="d">106416</subfield>
  </datafield>
  <datafield tag="952" ind1=" " ind2=" ">
    <subfield code="0">0</subfield>
    <subfield code="1">0</subfield>
    <subfield code="2">local</subfield>
    <subfield code="4">0</subfield>
    <subfield code="5">1</subfield>
    <subfield code="7">0</subfield>
    <subfield code="8">TesDigL</subfield>
    <subfield code="a">BD</subfield>
    <subfield code="b">BD</subfield>
    <subfield code="c">E_L</subfield>
    <subfield code="l">0</subfield>
    <subfield code="o">Tesis digital</subfield>
    <subfield code="r">2019-12-31 00:00:00</subfield>
    <subfield code="y">TD</subfield>
  </datafield>
</record>
